000 00732nam2a22002051 4500
001 rc\1012248
005 20250622104439.0
035 _a(NLR Aleph) 006247486
090 _a6721925
_c6721925
100 _a20041129d1981 |||y0rusy50 ca
101 0 _arus
102 _aRU
105 _ay |||||||||
200 1 _aИзбранное
_fФуркат
461 0 _1001rc\1012245
_12001#$aИзбранная лирика Востока$e4 бр. в обертке$v[3]
_96721897
_cТашкент
_d1981
_nИзд-во ЦК КП Узбекистана
_o4 бр. в обертке
_tИзбранная лирика Востока
_v[3]
801 0 _aRU
_bNLR
_gpsbo
801 1 _aRU
_bELAR
_2rusmarc
852 _aNLR
_j82-2/2826
942 _cBOOK
980 _aNB